| 000 | 00496nam a2200157Ia 4500 | ||
|---|---|---|---|
| 003 | OSt | ||
| 005 | 20200708140456.0 | ||
| 008 | 190216s9999||||xx |||||||||||||| ||und|| | ||
| 040 | _coclc | ||
| 082 |
_a954.040924 _bSIN/B |
||
| 100 |
_aSingh, Nihar Nandan _93213 |
||
| 245 | 0 |
_aBritish Historiography On British Rule In India / _cNihar Nandan Singh |
|
| 260 |
_bJanaki Prakashan, _c1986. _aPatna: |
||
| 300 | _a304p | ||
| 942 |
_cBK _2ddc _h954.040924 _iSIN/B _k954.040924 _mSIN/B |
||
| 999 |
_c20112 _d20112 |
||